000 01042nam a2200337 i 4500
001 28251
003 KOSZ 005
005 20221014114207.0
008 961010s1974 pl f |000 0 pol d
040 _cKOSZ 005
_aKOSZ 005
_dKOSZ 005/HR
041 _apol
046 _k1974
080 _a621.78
100 1 _aSołtan, Stanisław
_eAutor
245 0 _aTechnika próżniowa w obróbce cieplnej metali /
_cS. Sołtan.
260 _aWarszawa :
_bBOINTE,
_c1974.
300 _a32 s. :
_bil. ;
_c21 cm
336 _2rdacontent
_aTekst
_btxt
337 _2rdamedia
_aBez urządzenia pośredniczącego
_bn
338 _2rdacarrier
_aWolumin
_bnc
380 _aKsiążki
388 _a1901-2000
388 _a1945-1989
650 7 _aMetale
650 7 _aObróbka cieplna
650 7 _aObróbka metali
650 7 _aTechnika próżniowa
658 _aInżynieria i technika
856 _uhttp://koha.tu.koszalin.pl/cgi-bin/koha/opac-detail.pl?biblionumber=28251
_yKatalog online BPK
942 _cKS
_2UKD
999 _c28251
_d28251